00341nam a2200121Ia 4500008004100000022001400041041001200055082001600067245004300083260005200126440000900178650003200187240126s9999 xx 000 0 und d a0974-8512 aEnglish aLIBRARY-MBA 0aASBM Journal of Management (Apr.2009 - bAsian School of Business ManagementaBhuveshwar aNULL aASBM,Management,(Apr.2009,-